PRACHIN V MADHYAYUGIN BARATCHA EITAS (Record no. 1219757)

MARC details
000 -LEADER
fixed length control field 00382nam a2200157Ia 4500
008 - FIXED-LENGTH DATA ELEMENTS--GENERAL INFORMATION
fixed length control field 260407s2025 xx 000 0 und d
041 ## - LANGUAGE CODE
Language code of text/sound track or separate title eng
082 ## - DEWEY DECIMAL CLASSIFICATION NUMBER
Classification number 954.02/PAT
Item number 12265
100 ## - MAIN ENTRY--PERSONAL NAME
Personal name V.B. PATIL
245 ## - TITLE STATEMENT
Title PRACHIN V MADHYAYUGIN BARATCHA EITAS
250 ## - EDITION STATEMENT
Edition statement 20TH
260 ## - PUBLICATION, DISTRIBUTION, ETC.
Place of publication, distribution, etc. PUNE
Name of publisher, distributor, etc. K.SAGAR PUB HOUSE
Date of publication, distribution, etc. 2025
300 ## - PHYSICAL DESCRIPTION
Extent 240p
650 ## - SUBJECT ADDED ENTRY--TOPICAL TERM
Topical term or geographic name entry element GENERAL
650 ## - SUBJECT ADDED ENTRY--TOPICAL TERM
Topical term or geographic name entry element GENERAL
Holdings
Withdrawn status Lost status Damaged status Not for loan Home library Current library Date acquired Cost, normal purchase price Total Checkouts Full call number Barcode Date last seen Price effective from Koha item type
        College of Pharmacy, Kolhapur College of Pharmacy, Kolhapur 08/04/2026 395.00   954.02/PAT/12265 PCK-12265 08/04/2026 08/04/2026 Book